Enemigos animales de las plantas cultivadas y forestales /
Guardado en:
| Autor Principal: | |
|---|---|
| Formato: | Libro |
| Idioma: | Spanish |
| Publicado: |
Barcelona :
Occidente,
1964.
|
| Etiquetas: |
Agregar Etiqueta
Sin Etiquetas, Sea el primero en etiquetar este registro!
|
| LEADER | 00468nam a22001455a 4500 | ||
|---|---|---|---|
| 001 | EUN.um065921 | ||
| 003 | AR-BaUNS | ||
| 005 | 20050623122930.0 | ||
| 008 | 041125s1964####sp#a##########000#0#spa#d | ||
| 245 | 1 | 0 | |a Enemigos animales de las plantas cultivadas y forestales / |c M. L. Bonnemaison. |
| 260 | |a Barcelona : |b Occidente, |c 1964. | ||
| 300 | |a 3 v. : |b ilus. ; |c 24 cm. | ||
| 100 | 1 | |a Bonnemaison, M. L. | |
| 082 | 0 | 4 | |a 632 |
| 859 | |a Ar-BaUNS |b BIB. CENTRAL - Sector A |h 632 |i B643 |p 50943/969 |v v.2 | ||
